00745nam a2200181 a 450000100100000000500170001000800410002704000250006808200170009310000330011024501390014326000650028230000340034750000350038104900090041695201210042599900170054600002344920200930022228.0101208s1969 ve ad r 000 0 spa d aDO-SdBNPbspacBNPHU axxxxxbV297f1 aVargas Arenas, Iraida91615713aLa fase San Gerónimo :binvestigaciones arqueológicas en el alto chama /cIraida Vargas Arenas ; prólogo Mario Sanoja Obediente. aCaracas :bInstituto de Investigaciones Económicas,c1969. a128 p. :bil., diag. ;c1969. aIncluye índice de láminas. aBNGR 001054708MOaGRbGRcCTd2010-12-08iLF1l0oxxxxx V297fp23449-10r2020-06-25w2020-06-25y4ZPréstamo en sala c22945d22945